[Event "Taujenai-ch rapid"]
[Site "Taujenai"]
[Date "2023.10.29"]
[Round "10"]
[White "Kavalnis, Rytis"]
[Black "Vaitiekunas, Motiejus"]
[Result "1-0"]
[WhiteElo "1758"]
[BlackElo "1557"]
[PlyCount "163"]
[EventDate "2023.10.28"]
[EventType "swiss (rapid)"]
[EventRounds "10"]
[EventCountry "LTU"]
[SourceTitle "Mega2024 Update 01"]
[Source "Chessbase"]
[SourceDate "2023.11.12"]
[SourceVersion "1"]
[SourceVersionDate "2023.11.12"]
[SourceQuality "1"]

1. e4 e5 2. Nf3 Nc6 3. Bc4 Bc5 4. 0-0 d6 5. c3 Bg4 6. h3 Bh5 7. d3 Nge7 8. Be3 Bb6 9. Nbd2 0-0 10. Bxb6 axb6 11. Qe1 h6 12. Qe3 Bxf3 13. Nxf3 Ng6 14. d4 Qf6 15. g3 Rfe8 16. d5 Nce7 17. Kg2 Kf8 18. Bb3 Ng8 19. Rae1 N6e7 20. Nd2 Qg6 21. Kh2 Nf6 22. Rg1 Qh5 23. Kg2 Qg6 24. Kh2 Qh5 25. Qf3 Qxf3 26. Nxf3 Ng6 27. Nd2 Nd7 28. a3 Kg8 29. Rgf1 f6 30. f4 exf4 31. gxf4 Kh8 32. Kg3 Ne7 33. Nf3 Nc5 34. Bc2 Na4 35. Bxa4 Rxa4 36. Nd4 Ng6 37. h4 Nf8 38. Kf3 Re7 39. h5 Nd7 40. Nf5 Rf7 41. Rg1 Nc5 42. Re2 Rd7 43. Nd4 Ra8 44. Nf5 Ra4 45. Nh4 Kg8 46. Nf5 Kf8 47. Rg6 c6 48. dxc6 bxc6 49. Nd4 Ra8 50. Nxc6 Re8 51. Rg1 Rc7 52. Nd4 Rce7 53. Nf5 Rd7 54. Rd1 Nb7 55. Red2 Re6 56. Rd4 Nc5 57. Rxd6 Rdxd6 58. Rxd6 Rxe4 59. Rd8+ Re8 60. Rxe8+ Kxe8 61. Nxg7+ Kf7 62. Nf5 Na4 63. Nxh6+ Kf8 64. Ng4 Kf7 65. Ke3 Nxb2 66. Kd4 Na4 67. Kc4 b5+ 68. Kxb5 Nxc3+ 69. Kb4 Nd5+ 70. Kc5 Nxf4 71. a4 Ne6+ 72. Kb6 f5 73. Nf2 Ng5 74. a5 Ne4 75. Nh3 Kf6 76. Kc6 Ng5 77. Nxg5 Kxg5 78. a6 f4 79. a7 Kxh5 80. a8Q f3 81. Qg8 Kh4 82. Qg1 1-0

[Event "Plateliai Plunge op-B 42nd"]
[Site "Plateliai"]
[Date "2023.07.23"]
[Round "9"]
[White "Alionyte, Patricija"]
[Black "Vaitiekunas, Motiejus"]
[Result "1-0"]
[WhiteElo "1349"]
[BlackElo "1178"]
[PlyCount "120"]
[EventDate "2023.07.17"]
[EventType "swiss"]
[EventRounds "9"]
[EventCountry "LTU"]
[SourceTitle "CBM 215 Extra"]
[Source "ChessBase"]
[SourceDate "2023.09.30"]
[SourceVersion "1"]
[SourceVersionDate "2023.09.30"]
[SourceQuality "1"]

1. e4 e5 2. Nf3 Nc6 3. Nc3 Nf6 4. Bb5 Nd4 5. Ba4 Bc5 6. Nxe5 Qe7 7. Nd3 Nxe4 8. 0-0 Nxc3 9. dxc3 Ne6 10. Re1 0-0 11. Bf4 Bb6 12. Qf3 Qf6 13. Rad1 d6 14. Qg3 Nxf4 15. Qxf4 Qxf4 16. Nxf4 Be6 17. Rd2 Bf5 18. Nd5 Bg6 19. Re7 c6 20. Nxb6 axb6 21. Bb3 Rfe8 22. Rde2 Rxe7 23. Rxe7 Rb8 24. f3 Kf8 25. Re3 b5 26. Re2 c5 27. c4 bxc4 28. Bxc4 b5 29. Bd5 b4 30. Kf2 f6 31. a3 bxa3 32. bxa3 Bf7 33. Be6 Bxe6 34. Rxe6 Rb6 35. Ke2 Kf7 36. Re3 Rb2 37. Kd2 Rb1 38. Re1 Rxe1 39. Kxe1 Ke6 40. Kd2 Kd5 41. Kd3 c4+ 42. Ke3 Kc5 43. c3 d5 44. f4 f5 45. h3 h6 46. g4 g6 47. gxf5 gxf5 48. a4 h5 49. a5 Kb5 50. Kd4 Kxa5 51. Kxd5 Kb5 52. h4 Kb6 53. Kxc4 Kc6 54. Kd4 Kd6 55. c4 Ke6 56. c5 Kf6 57. c6 Ke6 58. c7 Kd7 59. Ke5 Kxc7 60. Kxf5 Kd7 1-0

[Event "Plateliai Plunge op-B 42nd"]
[Site "Plateliai"]
[Date "2023.07.22"]
[Round "8"]
[White "Vaitiekunas, Motiejus"]
[Black "Bogomolnikova, Zlata"]
[Result "1-0"]
[WhiteElo "1178"]
[BlackElo "1193"]
[PlyCount "77"]
[EventDate "2023.07.17"]
[EventType "swiss"]
[EventRounds "9"]
[EventCountry "LTU"]
[SourceTitle "CBM 215 Extra"]
[Source "ChessBase"]
[SourceDate "2023.09.30"]
[SourceVersion "1"]
[SourceVersionDate "2023.09.30"]
[SourceQuality "1"]

1. e4 c6 2. d4 d5 3. e5 c5 4. c3 e6 5. Nf3 Nc6 6. Be2 Be7 7. 0-0 f6 8. exf6 Nxf6 9. Be3 cxd4 10. cxd4 0-0 11. Nc3 Bd7 12. a3 a6 13. h3 Rc8 14. Re1 b5 15. Bd3 Ne8 16. Qc2 Nf6 17. Ne5 Qc7 18. f4 Na5 19. g4 Nc4 20. g5 Ne4 21. Nxe4 dxe4 22. Bxc4 bxc4 23. Qxe4 Be8 24. Rec1 Qb8 25. Nxc4 Bf7 26. b4 Qb5 27. Ne5 Rxc1+ 28. Rxc1 Bh5 29. Nc6 Qe2 30. Nxe7+ Kh8 31. Rf1 e5 32. dxe5 Rd8 33. Nf5 Bf7 34. e6 Bg6 35. e7 Re8 36. Rf2 Qe1+ 37. Kg2 Bxf5 38. Qxf5 Qxe3 39. Qf8+ 1-0

[Event "Plateliai Plunge op-B 42nd"]
[Site "Plateliai"]
[Date "2023.07.21"]
[Round "7"]
[White "Juknius, Sarunas"]
[Black "Vaitiekunas, Motiejus"]
[Result "1/2-1/2"]
[WhiteElo "1214"]
[BlackElo "1178"]
[PlyCount "100"]
[EventDate "2023.07.17"]
[EventType "swiss"]
[EventRounds "9"]
[EventCountry "LTU"]
[SourceTitle "CBM 215 Extra"]
[Source "ChessBase"]
[SourceDate "2023.09.30"]
[SourceVersion "1"]
[SourceVersionDate "2023.09.30"]
[SourceQuality "1"]

1. d4 d5 2. Bf4 c5 3. c3 Nc6 4. Nf3 Qb6 5. b3 e6 6. e3 Nf6 7. Bd3 Nh5 8. Bg3 Nxg3 9. fxg3 cxd4 10. cxd4 e5 11. Be2 exd4 12. Nxd4 Bb4+ 13. Kf1 Bc5 14. Bb5 0-0 15. Bxc6 bxc6 16. Kf2 Bb7 17. Nc3 Bxd4 18. Qxd4 c5 19. Qd3 Ba6 20. Qd2 Qf6+ 21. Kg1 Rfe8 22. h3 d4 23. exd4 cxd4 24. Nd5 Qe5 25. Nf4 d3 26. Kh2 Qd4 27. Rhd1 Rac8 28. Rac1 h6 29. a4 Rxc1 30. Qxc1 Rc8 31. Qd2 Re8 32. Qa5 g5 33. Qxa6 gxf4 34. Qxd3 Qe5 35. gxf4 Qxf4+ 36. Qg3+ Qxg3+ 37. Kxg3 Re3+ 38. Kh2 Rxb3 39. Rd7 a5 40. Rd5 Ra3 41. Rxa5 Kg7 42. h4 f5 43. Ra7+ Kg6 44. a5 Kh5 45. Ra6 Kxh4 46. Rxh6+ Kg5 47. Ra6 f4 48. Ra8 Ra2 49. Rg8+ Kh4 50. Rf8 Kg4 1/2-1/2